Normal view MARC view
  • Li, Weiping,

Entry Personal Name

Number of records used in: 4

001 - CONTROL NUMBER

  • control field: 1687

003 - CONTROL NUMBER IDENTIFIER

  • control field: NUST

005 - DATE AND TIME OF LATEST TRANSACTION

  • control field: 20170531110800.0

008 - FIXED-LENGTH DATA ELEMENTS

  • fixed length control field: 170531|| aca||aabn | a|a d

040 ## - CATALOGING SOURCE

  • Original cataloging agency: NUST
  • Transcribing agency: NUST

100 ## - HEADING--PERSONAL NAME

  • Personal name: Li, Weiping,
  • Dates associated with a name: 1963-

670 ## - SOURCE DATA FOUND

  • Source citation: Work cat.: (NUST)23310: Slotine, J.-J. E. 1685, Applied nonlinear control , c1991.
© 2023 Central Library, National University of Sciences and Technology. All Rights Reserved.